| 000 | 01266nam a2200253 i 4500 | ||
|---|---|---|---|
| 001 | 82052 | ||
| 003 | ES-MaACL | ||
| 005 | 20240424063046.0 | ||
| 007 | t| | ||
| 008 | 041116s1892 sp |||| | spa d | ||
| 100 | 1 |
_aLaguna, Máximo, _d1826-1902 _969621 |
|
| 245 | 1 | 3 |
_aLa flora americana / _cconferencia de Máximo Laguna, leída el día 14 de abril de 1891. |
| 260 |
_aMadrid : _b[s.n.], _c1892 ( _fSucesores de Rivadeneyra) |
||
| 300 |
_a35 p. ; _c25 cm. |
||
| 500 | _aForma parte de: "El continente americano : conferencias dadas en el Ateneo Científico, Literario y Artístico de Madrid con motivo del Cuarto Centenario del Descubrimiento de América". Madrid, 1894, tít. que agrupa todas las conferencias del ciclo en tres volúmenes, cada una de ellas con port. y año propios. Esta publicación pertenece al t. 3º. | ||
| 500 | _aPrecede al tít.: Ateneo de Madrid. | ||
| 610 | 2 | 4 |
_aAteneo de Madrid- _vConferencias- _yS.XIX. _91910 |
| 610 | 2 | 4 |
_aAteneo de Madrid- _vObras digitalizadas. _91930 |
| 650 | 4 |
_aFlora- _zAmérica. _9142305 |
|
| 740 | 3 | 2 | _aEl continente americano. |
| 852 |
_aES-MaACL _jR-2605(2) |
||
| 856 |
_uhttp://www.ateneodemadrid.com/biblioteca_digital/folletos/Folletos-0056.pdf _zVer documento |
||
| 999 |
_c82052 _d82052 |
||